| 000 | 00436nam a2200169Ia 4500 | ||
|---|---|---|---|
| 008 | 131103s9999 xx 000 0 und d | ||
| 040 | _aLoreto College | ||
| 041 | _aEnglish | ||
| 082 |
_a170/CAS _bLCBED/6245 |
||
| 100 | _aCastle, Tony | ||
| 245 |
_aTuesday again! _cTony Castle |
||
| 260 |
_aMayhew-McCrimmon _bGreat Britain _c1978 |
||
| 300 |
_a103p. _c 23cm. |
||
| 650 | _aMoral Science | ||
| 850 | _aLCBED/170/CAS | ||
| 942 | _cBK | ||
| 999 |
_c32009 _d82488 |
||